000 00833nam a22003017a 4500
001 BR6003642
003 BR-BrBNA
005 20230928083153.0
007 ta
008 230509b bl.||||| |||| 00| 0 por d
040 _aBR-BrBNA
_bpor
_cBiblioteca Nacional de Agricultura
041 _a(Por)
072 _aK50; K10
_b3270
090 _ 3270 BR6003642
100 1 _aCianciulli, P.L.
110 1 _aInstituto Biologico, Sao Paulo, SP (Brasil)
_95694
245 1 _aO sobreiro (Quercus suber L.)E OUTRAS CORTICEIRAS
260 3 _aSao Paulo, SP (Brasil):
_c1972.
300 _a144 p.
500 _a30 ref.; Summaries (Eng, Por)
650 _aIndustria florestal
650 _aProducao florestal
650 _aCarvalho
650 _aSobreiro
650 _aCortica
909 _a202309
_bLucia
_c55
_dLucia Elande
942 _cBK
999 _c11953
_d11953